Famous Rock Bands - Statistics

General Stats
  • This quiz has been taken 936 times
    932 since last reset
  • The average score is 6 of 15
Answer Stats
Song Band % Correct
Highway to Hell AC-DC
92%
Don't Stop Believin' Journey
77%
Welcome to the Black Parade My Chemical Romance
62%
How You Remind Me Nickelback
61%
Good Riddance Green Day
57%
New Divide Linkin Park
45%
Dirty Little Secret All American Rejects
41%
Diary of Jane Breaking Benjamin
33%
1985 Bowling for Soup
31%
Through Glass Stone Sour
28%
My Own Worst Enemy Lit
21%
Help is On The Way Rise Against
18%
Not My Time 3 Doors Down
14%
Diamond Eyes Shinedown
11%
Life After You Daughtry
9%
No matching quizzes found
Score Distribution
Percent of People with Each Score
Percentile by Number Answered
Your Score History
You have not taken this quiz since the last reset